|
|
|
|
| LEADER |
01330nam a2200313 a 4500 |
| 001 |
4082 |
| 003 |
BD-DhAAL |
| 005 |
20150914113021.0 |
| 008 |
150914s1997 bg ab b 001 0 eng |
| 010 |
|
|
|a 97906395
|
| 020 |
|
|
|a 9845123465
|
| 040 |
|
|
|a DLC
|c DLC
|d BD-DhAAL
|
| 050 |
0 |
0 |
|a DS396.9.M39
|b M35 1997
|
| 082 |
|
|
|a 954.9/23
|
| 245 |
0 |
0 |
|a Mainamati-Devaparvata :
|b a survey of historical monuments and sites in Bangladesh, SHMSB 001 /
|c editor, A.B.M. Husain ; co-editors, M. Harunur Rashid ... [et al.].
|
| 246 |
3 |
|
|a Survey of historical monuments and sites in Bangladesh, SHMSB 001
|
| 260 |
|
|
|a Dhaka :
|b Asiatic Society of Bangladesh,
|c 1997.
|
| 300 |
|
|
|a xiv, 304 p. :
|b ill., maps ;
|c 26 cm.
|
| 504 |
|
|
|a Includes bibliographical references (p. [294]-299) and index.
|
| 541 |
|
|
|e 4082
|
| 650 |
|
0 |
|a Mainamati (Bangladesh)
|x Antiquities.
|9 14636
|
| 650 |
|
0 |
|a Historic sites
|z Bangladesh
|z Mainamati.
|9 14637
|
| 650 |
|
0 |
|a Monuments
|z Bangladesh
|z Mainamati.
|9 14638
|
| 700 |
1 |
|
|a Husain, A. B. M.,
|d 1934-
|9 12650
|
| 700 |
1 |
|
|a Rashid, M. Harunur.
|9 12651
|
| 710 |
2 |
|
|a Asiatic Society of Bangladesh.
|9 14639
|
| 942 |
|
|
|2 ddc
|c BK
|
| 999 |
|
|
|c 35532
|d 35532
|
| 952 |
|
|
|0 0
|1 0
|2 ddc
|4 0
|6 954_900000000000000_23_MAI
|7 0
|9 55885
|a SCL
|b SCL
|c GEN
|d 2015-09-14
|g 500.00
|l 4
|m 58
|o 954.923 MAI
|p 3020004082
|r 2023-01-22
|s 2022-06-14
|t 1
|w 2015-09-14
|y BK
|